[Event "58 POL Ch"]
[Site "Warszawa"]
[Date "2001.03.27"]
[Round "9"]
[White "Grabarczyk, Miroslaw"]
[Black "Cyborowski, Lukasz"]
[Result "1/2-1/2"]
[WhiteElo "2495"]
[BlackElo "2437"]
[PlyCount "31"]
[EventDate "2001.03.18"]
[Source "PolBase"]
[SourceDate "2001.03.21"]

1. d4 g6 2. c4 Bg7 3. g3 c6 4. Bg2 d5 5. cxd5 cxd5 6. Nc3 e6 7. f4 Nc6 8. Nf3
Nge7 9. Be3 Nf5 10. Qd2 Qb6 11. Rd1 Nxe3 12. Qxe3 O-O 13. Rd2 Bd7 14. O-O Rac8
15. Rc1 Na5 16. b3 1/2-1/2

[Event "58 POL Ch"]
[Site "Warszawa"]
[Date "2001.03.27"]
[Round "9"]
[White "Kempinski, Robert"]
[Black "Gdanski, Jacek"]
[Result "1-0"]
[WhiteElo "2554"]
[BlackElo "2548"]
[PlyCount "96"]
[EventDate "2001.03.18"]
[Source "PolBase"]
[SourceDate "2001.03.21"]

1. d4 Nf6 2. c4 e6 3. Nf3 d5 4. Nc3 dxc4 5. e3 a6 6. a4 c5 7. Bxc4 Nc6 8. O-O
Be7 9. dxc5 Qc7 10. Bd2 Bxc5 11. Qb1 b6 12. Ne4 Be7 13. Bc3 Bb7 14. Be2 Nd5 15.
Bxg7 Rg8 16. Bc3 f5 17. Ng3 h5 18. Nd4 Nxc3 19. Bxh5+ Kd7 20. bxc3 Nxd4 21. Rd1
Bd6 22. Rxd4 Ke7 23. Qb3 Rg5 24. Rad1 Bc5 25. R4d2 Rh8 26. Be2 Rg7 27. c4 a5
28. Qb2 Rgh7 29. Nh5 e5 30. Rd7+ Qxd7 31. Rxd7+ Kxd7 32. Nf6+ Ke6 33. Nxh7 Rxh7
34. Bf3 e4 35. Be2 Bc6 36. Qa1 Bd6 37. h3 Be5 38. Qa2 Rd7 39. g4 f4 40. exf4
Bxf4 41. c5+ Bd5 42. Bc4 bxc5 43. Bxd5+ Rxd5 44. Qc4 e3 45. Kg2 Bg5 46. fxe3
Kd6 47. Kf3 Re5 48. e4 Re6 1-0

[Event "58 POL Ch"]
[Site "Warszawa"]
[Date "2001.03.27"]
[Round "9"]
[White "Blehm, Pawel"]
[Black "Markowski, Tomasz"]
[Result "0-1"]
[WhiteElo "2512"]
[BlackElo "2595"]
[PlyCount "106"]
[EventDate "2001.03.18"]
[Source "PolBase"]
[SourceDate "2001.03.21"]

1. e4 c5 2. Nf3 g6 3. d4 Bg7 4. Nc3 cxd4 5. Nxd4 Nc6 6. Be3 Nf6 7. Bc4 O-O 8.
Bb3 d6 9. f3 Nxd4 10. Bxd4 Be6 11. Qd2 Qa5 12. O-O Rfc8 13. Rad1 Bc4 14. Rfe1
Rc6 15. Qf2 e6 16. Qh4 Ne8 17. Bxg7 Kxg7 18. f4 Rac8 19. Rd2 Bxb3 20. axb3 b5
21. f5 b4 22. Rf2 Qe5 23. fxe6 f6 24. Nd5 Rxc2 25. e7 Qd4 26. Qf4 Rxb2 27. e5
Qxf4 28. Rxf4 dxe5 29. Rxb4 Rd2 30. Rb5 Rcc2 31. Ne3 Rc7 32. Nd5 Rcc2 33. Ne3
Rc7 34. Nd5 Rxd5 35. Rb8 Rcd7 36. Rxe8 Kf7 37. Rh8 Kxe7 38. Rxh7+ Ke6 39. Rh6
Kf5 40. Rf1+ Kg5 41. Rh8 Rd1 42. h4+ Kg4 43. Rh6 Rxf1+ 44. Kxf1 Kf5 45. Ke2 Rb7
46. g4+ Kxg4 47. Rxg6+ Kf5 48. Rg3 Rb4 49. Rf3+ Rf4 50. Rh3 Kg4 51. Rh1 Kh5 52.
Ra1 Rxh4 53. Rxa7 Kg5 0-1

[Event "58 POL Ch"]
[Site "Warszawa"]
[Date "2001.03.27"]
[Round "9"]
[White "Bartel, Mateusz"]
[Black "Jaracz, Pawel"]
[Result "1/2-1/2"]
[WhiteElo "2392"]
[BlackElo "2477"]
[PlyCount "84"]
[EventDate "2001.03.18"]
[Source "PolBase"]
[SourceDate "2001.03.21"]

1. e4 c5 2. Nc3 Nc6 3. Nf3 e6 4. d4 cxd4 5. Nxd4 Qc7 6. g3 a6 7. Bg2 Nge7 8.
Nde2 Ng6 9. O-O Bc5 10. Kh1 b5 11. f4 Bb7 12. a3 Nce7 13. Qd3 h5 14. h3 d5 15.
e5 Nf5 16. b4 Ba7 17. a4 bxa4 18. Nxd5 Bxd5 19. Bxd5 Nxg3+ 20. Nxg3 exd5 21. e6
Qc6 22. Bb2 d4+ 23. Qe4 Qxe4+ 24. Nxe4 fxe6 25. Rxa4 Bb6 26. Nd6+ Ke7 27. Nc4
Bc7 28. Bxd4 Bxf4 29. Bc5+ Kf6 30. Bd6 e5 31. Bxe5+ Nxe5 32. Rxf4+ Kg5 33. Re4
Nxc4 34. Rxc4 Rhd8 35. Ra5+ Kh6 36. Rc6+ g6 37. Kg2 Rdb8 38. c3 Rd8 39. Ra2 h4
40. Kf3 Rd3+ 41. Kg2 Rg3+ 42. Kh2 Rd8 1/2-1/2

[Event "58 POL Ch"]
[Site "Warszawa"]
[Date "2001.03.27"]
[Round "9"]
[White "Gajewski, Grzegorz"]
[Black "Macieja, Bartlomiej"]
[Result "0-1"]
[WhiteElo "2352"]
[BlackElo "2583"]
[PlyCount "98"]
[EventDate "2001.03.18"]
[Source "PolBase"]
[SourceDate "2001.03.21"]

1. d4 Nf6 2. c4 c5 3. Nf3 cxd4 4. Nxd4 Nc6 5. Nc3 e6 6. g3 Qb6 7. Nc2 Ne5 8.
Ne3 d6 9. Bg2 Bd7 10. O-O Bc6 11. b3 Be7 12. Bb2 Bxg2 13. Kxg2 O-O 14. Qd2 a6
15. Nc2 Rab8 16. f3 Rfc8 17. Rfd1 Nc6 18. Nd4 Qxd4 19. Qxd4 Nxd4 20. Rxd4 b5
21. cxb5 axb5 22. Re4 b4 23. Rxb4 d5 24. Rb5 Rxb5 25. Nxb5 Rc2 26. Bd4 e5 27.
Bf2 Rxe2 28. Kf1 Rb2 29. Re1 Rxa2 30. Rxe5 Bb4 31. Re2 Ra5 32. Nd4 h6 33. Be1
Bxe1 34. Kxe1 g6 35. Kd2 Kg7 36. Kc3 Nd7 37. Re7 Nf8 38. Kb4 Ra1 39. Kc5 Ne6+
40. Nxe6+ Kf6 41. Re8 fxe6 42. b4 Kf7 43. Rb8 Rc1+ 44. Kd6 d4 45. Ra8 d3 46.
Ra2 Rc4 47. Rd2 Rxb4 48. Kc5 Ra4 49. Kb5 Rd4 0-1

[Event "58 POL Ch"]
[Site "Warszawa"]
[Date "2001.03.27"]
[Round "9"]
[White "Kuczynski, Robert"]
[Black "Urban, Klaudiusz"]
[Result "1-0"]
[WhiteElo "2504"]
[BlackElo "2434"]
[PlyCount "97"]
[EventDate "2001.03.18"]
[Source "PolBase"]
[SourceDate "2001.03.21"]

1. e4 g6 2. d4 Bg7 3. Nf3 d6 4. Nc3 Nf6 5. Be2 O-O 6. O-O c5 7. d5 e6 8. h3 e5
9. Nd2 Nbd7 10. a4 Ne8 11. a5 f5 12. exf5 gxf5 13. Nc4 f4 14. Bg4 Ndf6 15. Bxc8
Rxc8 16. Nd2 Kh8 17. Nde4 Rg8 18. Ra3 Bf8 19. Kh2 Rc7 20. Rg1 Ng4+ 21. Kh1 Qh4
22. Qf1 Rcg7 23. g3 Qh5 24. f3 Nh6 25. g4 Qh4 26. Bd2 Nf5 27. Be1 Qh6 28. Bf2
Nh4 29. Ne2 Be7 30. Kh2 Qg6 31. Be1 Qf7 32. c4 Ng6 33. Bf2 h5 34. g5 h4 35. Rg4
Rh7 36. Rb3 Bd8 37. Qe1 Rh5 38. Nc1 Rg7 39. Nd3 Qf5 40. Ra3 Bxg5 41. b4 cxb4
42. Qxb4 a6 43. Be1 Bd8 44. Ra2 Rhh7 45. Rag2 Rg8 46. Nxf4 Rhg7 47. Ne6 Qxf3
48. Nxd8 Nf4 49. Nf7+ 1-0

[Event "58 POL Ch"]
[Site "Warszawa"]
[Date "2001.03.28"]
[Round "10"]
[White "Cyborowski, Lukasz"]
[Black "Urban, Klaudiusz"]
[Result "1/2-1/2"]
[WhiteElo "2437"]
[BlackElo "2434"]
[PlyCount "34"]
[EventDate "2001.03.18"]
[Source "PolBase"]
[SourceDate "2001.03.21"]

1. c4 g6 2. Nc3 Bg7 3. Nf3 c5 4. g3 Nc6 5. Bg2 e6 6. O-O Nge7 7. e3 Nf5 8. Ne4
b6 9. d4 d5 10. cxd5 exd5 11. Nc3 cxd4 12. Nxd4 Nfxd4 13. exd4 Be6 14. Qa4 Qd7
15. Be3 O-O 16. Rfd1 a6 17. Rac1 Rfc8 1/2-1/2

[Event "58 POL Ch"]
[Site "Warszawa"]
[Date "2001.03.28"]
[Round "10"]
[White "Macieja, Bartlomiej"]
[Black "Kuczynski, Robert"]
[Result "1/2-1/2"]
[WhiteElo "2583"]
[BlackElo "2504"]
[PlyCount "109"]
[EventDate "2001.03.18"]
[Source "PolBase"]
[SourceDate "2001.03.21"]

1. e4 Nf6 2. e5 Nd5 3. d4 d6 4. Nf3 dxe5 5. Nxe5 c6 6. Bd3 Nd7 7. Nxd7 Bxd7 8.
O-O g6 9. Re1 Bg7 10. c3 O-O 11. Bg5 Re8 12. Nd2 Qc8 13. Ne4 Bf5 14. Qf3 Qc7
15. Bc4 Bxe4 16. Rxe4 e6 17. a4 a6 18. a5 c5 19. Bxd5 exd5 20. Rxe8+ Rxe8 21.
Qxd5 cxd4 22. cxd4 Bxd4 23. g3 Bxb2 24. Rd1 Qc6 25. Qxc6 bxc6 26. Be3 Bc3 27.
Rd7 Bxa5 28. Ra7 Rc8 29. Rxa6 Bc3 30. Kf1 c5 31. Ke2 c4 32. Kd1 h5 33. Kc2 Bg7
34. Ra4 Bf6 35. h4 Be5 36. Rb4 Ba1 37. Rb7 Bh8 38. Rd7 c3 39. Rc7 Re8 40. Rc4
Ra8 41. Kd3 Rd8+ 42. Ke4 Bg7 43. Bb6 Rd7 44. Ba5 Rd2 45. Bxc3 Bxc3 46. Rxc3
Rxf2 47. Ke3 Rf1 48. Ra3 Kg7 49. Ra6 Rf5 50. Rb6 Kh6 51. Ra6 f6 52. Rb6 g5 53.
hxg5+ Kxg5 54. Rb4 Kg6 55. Ra4 1/2-1/2

[Event "58 POL Ch"]
[Site "Warszawa"]
[Date "2001.03.28"]
[Round "10"]
[White "Jaracz, Pawel"]
[Black "Gajewski, Grzegorz"]
[Result "1-0"]
[WhiteElo "2477"]
[BlackElo "2352"]
[PlyCount "80"]
[EventDate "2001.03.18"]
[Source "PolBase"]
[SourceDate "2001.03.21"]

1. e4 c5 2. Nf3 Nc6 3. Nc3 e5 4. Bc4 Be7 5. d3 Nf6 6. Nd2 d6 7. Nf1 Bg4 8. f3
Be6 9. Ne3 O-O 10. a3 Rb8 11. O-O Nd7 12. g3 Nd4 13. Ncd5 b5 14. Ba2 b4 15.
axb4 Bh3 16. Rf2 cxb4 17. Bc4 Rb7 18. Bd2 Bg5 19. Kh1 Nc5 20. f4 exf4 21. Nxf4
Be6 22. Ned5 Nc6 23. b3 Ne5 24. Nxb4 Nxc4 25. bxc4 Bf6 26. Ra3 Qb6 27. Rf1 Be5
28. Nbd5 Qb2 29. Bc1 Qb1 30. Be3 Qb2 31. Ra5 g5 32. Nh5 f5 33. Bxg5 fxe4 34.
Ne7+ Rxe7 35. Bxe7 Rf7 36. Rb5 Rxe7 37. Rxb2 Bxb2 38. d4 e3 39. Qf3 Bf7 40.
Qa8+ Re8 1-0

[Event "58 POL Ch"]
[Site "Warszawa"]
[Date "2001.03.28"]
[Round "10"]
[White "Socko, Bartosz"]
[Black "Bartel, Mateusz"]
[Result "1-0"]
[WhiteElo "2557"]
[BlackElo "2392"]
[PlyCount "74"]
[EventDate "2001.03.18"]
[Source "PolBase"]
[SourceDate "2001.03.21"]

1. e4 e6 2. d4 d5 3. Nc3 Bb4 4. e5 c5 5. a3 Bxc3+ 6. bxc3 Ne7 7. Nf3 Nbc6 8.
Rb1 Qa5 9. Qd2 c4 10. h4 b6 11. h5 Bd7 12. h6 gxh6 13. Rxh6 Ng8 14. Rh3 f6 15.
Be2 O-O-O 16. Kf1 fxe5 17. dxe5 Rf8 18. Qe1 h6 19. Nd4 Nd8 20. Bg4 Rh7 21. Kg1
Kb7 22. a4 Rff7 23. Bh5 Rfg7 24. Ba3 Ne7 25. Bb4 Qa6 26. a5 b5 27. Qc1 Nf5 28.
Be2 Nc6 29. Nxb5 Nxb4 30. Nd4 Nxd4 31. cxd4 Qxa5 32. Qe1 Bb5 33. Rxb4 Ka8 34.
c3 a6 35. Qc1 Rb7 36. Rb1 Qa2 37. Bg4 Bd7 1-0

[Event "58 POL Ch"]
[Site "Warszawa"]
[Date "2001.03.28"]
[Round "10"]
[White "Markowski, Tomasz"]
[Black "Krasenkow, Michal"]
[Result "1/2-1/2"]
[WhiteElo "2595"]
[BlackElo "2658"]
[PlyCount "104"]
[EventDate "2001.03.18"]
[Source "PolBase"]
[SourceDate "2001.03.21"]

1. g3 d5 2. Nf3 g6 3. c4 c6 4. Qa4 d4 5. Bg2 Bg7 6. O-O e5 7. d3 Ne7 8. b4 Nd7
9. Nbd2 O-O 10. Bb2 a5 11. a3 b6 12. Qc2 Rb8 13. e3 dxe3 14. fxe3 Nf5 15. Rfe1
h5 16. Ne4 Qc7 17. d4 exd4 18. exd4 Nf6 19. Nf2 Bb7 20. Bh3 c5 21. d5 Nd4 22.
Nxd4 cxd4 23. Bxd4 Nxd5 24. Bxg7 Kxg7 25. Ne4 Ne7 26. Qb2+ Kh6 27. Qd2+ Kg7 28.
Qd4+ f6 29. Qd6 Qxd6 30. Nxd6 Ng8 31. bxa5 bxa5 32. c5 Bc6 33. Rab1 Rxb1 34.
Rxb1 f5 35. Rb6 Ne7 36. Bg2 Bxg2 37. Kxg2 Nd5 38. Rb7+ Kf6 39. c6 Ke6 40. Nc4
Rc8 41. Nxa5 Ra8 42. Rb5 Nc7 43. Rc5 Kd6 44. Nb7+ Ke6 45. Rc3 Kd5 46. Nd8 Kd4
47. Rc1 Rxa3 48. Nf7 Kd5 49. Rd1+ Kxc6 50. Ne5+ Kc5 51. Rc1+ Kd5 52. Nxg6 Ne6
1/2-1/2

[Event "58 POL Ch"]
[Site "Warszawa"]
[Date "2001.03.28"]
[Round "10"]
[White "Gdanski, Jacek"]
[Black "Blehm, Pawel"]
[Result "1-0"]
[WhiteElo "2548"]
[BlackElo "2512"]
[PlyCount "63"]
[EventDate "2001.03.18"]
[Source "PolBase"]
[SourceDate "2001.03.21"]

1. e4 c5 2. Nf3 d6 3. d4 cxd4 4. Nxd4 Nf6 5. Nc3 Nc6 6. Bc4 Qb6 7. Nb3 e6 8.
Bf4 Ne5 9. Be2 a6 10. Bg3 Be7 11. f4 Nc6 12. Qd2 Qc7 13. O-O-O b5 14. e5 b4 15.
exd6 bxc3 16. bxc3 Qb6 17. dxe7 Nxe7 18. Qd4 Qxd4 19. cxd4 Bb7 20. Rhg1 Nf5 21.
Nc5 Bd5 22. c4 Bc6 23. Bf2 h5 24. h3 Rc8 25. Bd3 Nd6 26. Rde1 Kf8 27. g3 a5 28.
Kd2 g6 29. d5 exd5 30. Bd4 Kg7 31. cxd5 Bb5 32. Ne6+ 1-0

[Event "58 POL Ch"]
[Site "Warszawa"]
[Date "2001.03.28"]
[Round "10"]
[White "Grabarczyk, Miroslaw"]
[Black "Kempinski, Robert"]
[Result "1/2-1/2"]
[WhiteElo "2495"]
[BlackElo "2554"]
[PlyCount "97"]
[EventDate "2001.03.18"]
[Source "PolBase"]
[SourceDate "2001.03.21"]

1. d4 Nf6 2. c4 g6 3. g3 Bg7 4. Bg2 d5 5. cxd5 Nxd5 6. e4 Nb6 7. Ne2 c5 8. d5
e6 9. O-O O-O 10. Nbc3 exd5 11. Nxd5 Nxd5 12. exd5 Bf5 13. Nc3 Na6 14. g4 Bd7
15. d6 Bc6 16. Bxc6 bxc6 17. Bf4 Rb8 18. Qe2 Rb4 19. Bg3 Nb8 20. Rfe1 Nd7 21.
a3 Rd4 22. Rad1 f5 23. gxf5 gxf5 24. Qe7 Qxe7 25. Rxe7 Rd8 26. Rde1 Bf6 27. Ne2
Rd2 28. Re6 Bxb2 29. Bh4 Nf8 30. Re7 R8xd6 31. Rxa7 Re6 32. Kf1 h6 33. Nf4
Rxe1+ 34. Kxe1 Rd4 35. Bg3 c4 36. Ra4 Re4+ 37. Kd1 Be5 38. Ne2 Bg7 39. f3 Re3
40. Rxc4 Rxa3 41. Rxc6 Rxf3 42. Nf4 Be5 43. Rc4 Nd7 44. Ke2 Ra3 45. Nh5 Kf7 46.
Rc6 Ra2+ 47. Kf1 Ra1+ 48. Kg2 Ra2+ 49. Kf1 1/2-1/2

[Event "58 POL Ch"]
[Site "Warszawa"]
[Date "2001.03.29"]
[Round "11"]
[White "Kempinski, Robert"]
[Black "Cyborowski, Lukasz"]
[Result "0-1"]
[WhiteElo "2554"]
[BlackElo "2437"]
[PlyCount "80"]
[EventDate "2001.03.18"]
[Source "PolBase"]
[SourceDate "2001.03.21"]

1. d4 Nf6 2. c4 g6 3. Nc3 d5 4. Nf3 Bg7 5. e3 O-O 6. cxd5 Nxd5 7. Bc4 Nb6 8.
Bb3 Nc6 9. O-O e5 10. d5 Na5 11. Bc2 c6 12. e4 cxd5 13. exd5 Bg4 14. h3 Bxf3
15. Qxf3 Rc8 16. Rd1 Nac4 17. a4 Nd6 18. Bb3 Nd7 19. Be3 Nc5 20. Bc2 a6 21.
Rac1 f5 22. Qe2 e4 23. Bb1 Nb3 24. Rc2 Na1 25. Rcc1 Nb3 26. Rc2 f4 27. Ba7 Na1
28. Rcc1 Nb3 29. Rc2 Ra8 30. Ba2 Rxa7 31. Bxb3 Qb6 32. Ba2 e3 33. Qg4 Kh8 34.
Qf3 Raa8 35. Ne4 Nf5 36. Nc5 Rac8 37. b4 Qxb4 38. Rb1 Qd4 39. Rc4 Qd2 40. Bb3
Nd4 0-1

[Event "58 POL Ch"]
[Site "Warszawa"]
[Date "2001.03.29"]
[Round "11"]
[White "Blehm, Pawel"]
[Black "Grabarczyk, Miroslaw"]
[Result "1/2-1/2"]
[WhiteElo "2512"]
[BlackElo "2495"]
[PlyCount "23"]
[EventDate "2001.03.18"]
[Source "PolBase"]
[SourceDate "2001.03.21"]

1. e4 e5 2. Nf3 Nc6 3. Bb5 a6 4. Ba4 Nf6 5. Qe2 b5 6. Bb3 Be7 7. O-O O-O 8. c3
d5 9. d3 d4 10. cxd4 Nxd4 11. Nxd4 Qxd4 12. Be3 1/2-1/2

[Event "58 POL Ch"]
[Site "Warszawa"]
[Date "2001.03.29"]
[Round "11"]
[White "Bartel, Mateusz"]
[Black "Markowski, Tomasz"]
[Result "1/2-1/2"]
[WhiteElo "2392"]
[BlackElo "2595"]
[PlyCount "161"]
[EventDate "2001.03.18"]
[Source "PolBase"]
[SourceDate "2001.03.21"]

1. e4 e5 2. Nf3 Nc6 3. Bb5 Nf6 4. O-O Nxe4 5. d4 Nd6 6. Bxc6 dxc6 7. dxe5 Nf5
8. Qxd8+ Kxd8 9. Nc3 Ne7 10. h3 Ng6 11. b3 Ke8 12. Bb2 h5 13. Ne2 h4 14. Rad1
Rh5 15. Rfe1 a6 16. c4 Bb4 17. Bc3 Be7 18. Ned4 c5 19. Nc2 Be6 20. Ne3 c6 21.
Ng4 Rd8 22. Rxd8+ Bxd8 23. Nd2 b6 24. Ne4 Ke7 25. Nd6 Bc7 26. Rd1 Rh8 27. f3
Rd8 28. Kf2 Kf8 29. Ke3 f6 30. f4 Ne7 31. Kf3 Bf7 32. Rd2 Bxd6 33. Rxd6 Rxd6
34. exd6 Nf5 35. Be1 Bh5 36. Ke2 Nxd6 37. Kd2 Bxg4 38. hxg4 g5 39. Kd3 Ke7 40.
fxg5 fxg5 41. Bd2 Kf6 42. Bc3+ Ke6 43. Bd2 Kf6 44. Bc3+ Kf7 45. Bd2 Kg6 46. Bc3
b5 47. a3 Kf7 48. Bd2 Kf6 49. Bc3+ Kg6 50. Be5 Nf7 51. Ke4 Nd8 52. a4 Nf7 53.
Bc7 Kf6 54. Bb6 Nh6 55. Kf3 Nf7 56. Ke4 Nd6+ 57. Kd3 Nb7 58. Bc7 Ke7 59. Ke4
Ke6 60. Ke3 Nd6 61. Kd3 Ne8 62. Bb6 Ke5 63. Ke3 Nf6 64. Bc7+ Ke6 65. Kf3 Ke7
66. Bb6 Kd6 67. Bd8 Ke6 68. Bc7 Ne8 69. Bd8 bxa4 70. bxa4 Nd6 71. Bxg5 Nxc4 72.
Bxh4 Nb2 73. Ke4 Nxa4 74. Bf2 Nc3+ 75. Kd3 Nd5 76. Bxc5 Nf4+ 77. Ke4 Ng6 78. g5
a5 79. g3 a4 80. Ba3 Ne5 81. Kd4 1/2-1/2

[Event "58 POL Ch"]
[Site "Warszawa"]
[Date "2001.03.29"]
[Round "11"]
[White "Gajewski, Grzegorz"]
[Black "Socko, Bartosz"]
[Result "0-1"]
[WhiteElo "2352"]
[BlackElo "2557"]
[PlyCount "68"]
[EventDate "2001.03.18"]
[Source "PolBase"]
[SourceDate "2001.03.21"]

1. e4 e6 2. d3 d5 3. Nd2 Nf6 4. Ngf3 b6 5. g3 dxe4 6. dxe4 Bb7 7. Qe2 Nc6 8. c3
a5 9. Bg2 Ba6 10. Nc4 e5 11. O-O Bc5 12. Nh4 O-O 13. Nf5 Ne8 14. Rd1 Qf6 15.
Bf1 Bxc4 16. Qxc4 Nd6 17. Rxd6 cxd6 18. Be3 Ne7 19. Bxc5 dxc5 20. Nxe7+ Qxe7
21. Qb5 Qb7 22. Re1 a4 23. Rd1 a3 24. bxa3 Rxa3 25. Qc4 Qc7 26. Qb5 Ra5 27. Qb3
Rd8 28. Bc4 Rxd1+ 29. Qxd1 b5 30. Bd5 c4 31. Qd2 h6 32. Qe2 Ra3 33. Qb2 Qa5 34.
Qd2 Qa7 0-1

[Event "58 POL Ch"]
[Site "Warszawa"]
[Date "2001.03.29"]
[Round "11"]
[White "Kuczynski, Robert"]
[Black "Jaracz, Pawel"]
[Result "1/2-1/2"]
[WhiteElo "2504"]
[BlackElo "2477"]
[PlyCount "31"]
[EventDate "2001.03.18"]
[Source "PolBase"]
[SourceDate "2001.03.21"]

1. e4 c5 2. Nf3 e6 3. d4 cxd4 4. Nxd4 Nc6 5. Nc3 Qc7 6. Be2 a6 7. O-O Nf6 8.
Be3 Bb4 9. Na4 Be7 10. Nxc6 bxc6 11. Nb6 Rb8 12. Nxc8 Qxc8 13. Bd4 c5 14. Be5
Rb6 15. b3 Nxe4 16. Bxg7 1/2-1/2

[Event "58 POL Ch"]
[Site "Warszawa"]
[Date "2001.03.29"]
[Round "11"]
[White "Urban, Klaudiusz"]
[Black "Macieja, Bartlomiej"]
[Result "1-0"]
[WhiteElo "2434"]
[BlackElo "2583"]
[PlyCount "87"]
[EventDate "2001.03.18"]
[Source "PolBase"]
[SourceDate "2001.03.21"]

1. c4 b6 2. d4 Bb7 3. Nc3 e6 4. a3 f5 5. d5 Nf6 6. Nh3 b5 7. dxe6 bxc4 8. Ng5
d5 9. Nf7 Qe7 10. Nxh8 Qxe6 11. e3 Nc6 12. Nb5 O-O-O 13. Be2 Bc5 14. O-O Rxh8
15. Nd4 Bxd4 16. exd4 Qe4 17. Bg5 Qxd4 18. Bxf6 gxf6 19. Bf3 Rd8 20. Re1 Qxd1
21. Raxd1 Ne5 22. Be2 Rg8 23. f4 Ng6 24. Bf3 Nxf4 25. Re7 h6 26. Rd4 Ng6 27.
Rh7 c5 28. Bxd5 cxd4 29. Bxg8 c3 30. Be6+ Kb8 31. bxc3 dxc3 32. Bxf5 Nh4 33.
Bc2 Nxg2 34. Rxb7+ Kxb7 35. Kxg2 Kc6 36. Kf3 Kd5 37. Kf4 Kd4 38. h4 h5 39. Kf5
Ke3 40. Kxf6 Kf4 41. Bd1 a5 42. Kg6 Ke3 43. Kxh5 Kd2 44. Ba4 1-0

[Event "58 POL Ch"]
[Site "Warszawa"]
[Date "2001.03.30"]
[Round "12"]
[White "Cyborowski, Lukasz"]
[Black "Macieja, Bartlomiej"]
[Result "0-1"]
[WhiteElo "2437"]
[BlackElo "2583"]
[PlyCount "122"]
[EventDate "2001.03.18"]
[Source "PolBase"]
[SourceDate "2001.03.21"]

1. e4 c5 2. Nf3 Nc6 3. d4 cxd4 4. Nxd4 Qc7 5. Nc3 e6 6. Nb3 a6 7. Bd3 b5 8. O-O
Nf6 9. Kh1 Be7 10. f4 b4 11. Ne2 O-O 12. Ng3 d6 13. Be3 a5 14. Nd2 Ba6 15. Qe2
Qb7 16. Nc4 d5 17. exd5 exd5 18. Ne5 Rfe8 19. Qf3 Bf8 20. Nxc6 Qxc6 21. Rfe1 h6
22. Bd4 Bxd3 23. cxd3 Rxe1+ 24. Rxe1 Re8 25. Rxe8 Nxe8 26. h3 Nd6 27. Be5 Nb5
28. f5 Bd6 29. Bxd6 Nxd6 30. Qf4 Ne8 31. Nh5 Nf6 32. Nxf6+ Qxf6 33. d4 g6 34.
Qb8+ Kg7 35. fxg6 Qxd4 36. gxf7 Kxf7 37. Qc7+ Ke6 38. Qc8+ Ke5 39. Qh8+ Ke4 40.
Qh7+ Ke3 41. Qxh6+ Ke2 42. Qh5+ Ke1 43. Qg5 Qe4 44. Qc1+ Ke2 45. Qc6 Kd2 46. a3
Qe1+ 47. Kh2 Qe5+ 48. Kh1 Qe1+ 49. Kh2 Qe5+ 50. Kh1 b3 51. Qb5 Qe1+ 52. Kh2 Kc2
53. Qxd5 Kxb2 54. a4 Ka3 55. Qd4 b2 56. Qd3+ Ka2 57. Qd5+ Ka1 58. Qd4 Qb4 59.
Qf6 Ka2 60. Qe6+ Qb3 61. Qe2 Qb8+ 0-1

[Event "58 POL Ch"]
[Site "Warszawa"]
[Date "2001.03.30"]
[Round "12"]
[White "Jaracz, Pawel"]
[Black "Urban, Klaudiusz"]
[Result "1/2-1/2"]
[WhiteElo "2477"]
[BlackElo "2434"]
[PlyCount "49"]
[EventDate "2001.03.18"]
[Source "PolBase"]
[SourceDate "2001.03.21"]

1. e4 g6 2. d4 Bg7 3. Nf3 d6 4. c3 Nf6 5. Bd3 O-O 6. O-O c5 7. h3 a6 8. Qe2 Qc7
9. a4 e5 10. dxe5 dxe5 11. Nbd2 b6 12. Nc4 Nbd7 13. Bg5 Bb7 14. b3 h6 15. Bxf6
Nxf6 16. Rfd1 Rfe8 17. Nfd2 Bf8 18. Ne3 Red8 19. Ng4 Ne8 20. Ne3 Bg7 21. Bc4
Nf6 22. Ng4 Ne8 23. Ne3 Nf6 24. Ng4 Ne8 25. Ne3 1/2-1/2

[Event "58 POL Ch"]
[Site "Warszawa"]
[Date "2001.03.30"]
[Round "12"]
[White "Socko, Bartosz"]
[Black "Kuczynski, Robert"]
[Result "1-0"]
[WhiteElo "2557"]
[BlackElo "2504"]
[PlyCount "179"]
[EventDate "2001.03.18"]
[Source "PolBase"]
[SourceDate "2001.03.21"]

1. e4 e5 2. Nf3 Nf6 3. Nxe5 d6 4. Nf3 Nxe4 5. d4 d5 6. Bd3 Nc6 7. O-O Be7 8. c4
Nf6 9. Nc3 Be6 10. c5 Bg4 11. Bb5 O-O 12. Bxc6 bxc6 13. h3 Bxf3 14. Qxf3 Nd7
15. b4 Bf6 16. Qd3 a5 17. bxa5 Rxa5 18. Rd1 Qc8 19. Rb1 Re8 20. Rb3 Nf8 21. Be3
Ne6 22. a4 Qa6 23. Rb4 Qxd3 24. Rxd3 h5 25. Kf1 g5 26. Ne2 Ng7 27. Bd2 Kh7 28.
Ra3 Rea8 29. Nc1 Kg6 30. Nb3 R5a7 31. a5 Ne6 32. Ra1 g4 33. hxg4 hxg4 34. Ke2
Bg5 35. Bxg5 Kxg5 36. g3 Kf5 37. Rba4 Ra6 38. Nc1 Rb8 39. Nd3 Rb5 40. Kd2 Ng5
41. Kc2 Ne4 42. Nb4 Raxa5 43. Rxa5 Rxb4 44. R1a4 Rxa4 45. Rxa4 Ke6 46. Ra7 Kd7
47. Kd3 Nxf2+ 48. Ke3 Nh3 49. Ra8 Ng5 50. Rg8 Ne6 51. Rxg4 Ke7 52. Rh4 Kf6 53.
Rh8 Kf5 54. Re8 Kf6 55. Rh8 Kf5 56. Rh4 Kg5 57. Kd3 Kf5 58. Kc3 Kg5 59. Rh8 Kf5
60. Re8 Kf6 61. Kd3 Kf5 62. Ke3 Kf6 63. Ra8 Kf5 64. Ra1 Kg5 65. Rf1 Nd8 66. Rf4
Kg6 67. g4 Ne6 68. Rf5 Kg7 69. g5 Kg6 70. Rxf7 Kxg5 71. Rd7 Kf5 72. Kd3 Kg5 73.
Kc3 Kf4 74. Re7 Kf5 75. Kb4 Kf6 76. Rd7 Kf5 77. Ka5 Ke4 78. Re7 Kf5 79. Ka6
Nxd4 80. Kb7 Ne6 81. Kxc6 d4 82. Kd5 c6+ 83. Kc4 Ke5 84. Rd7 Nf4 85. Rxd4 Nd5
86. Rd2 Ne3+ 87. Kd3 Nf5 88. Rh2 Ng7 89. Kc4 Ne6 90. Rd2 1-0

[Event "58 POL Ch"]
[Site "Warszawa"]
[Date "2001.03.30"]
[Round "12"]
[White "Markowski, Tomasz"]
[Black "Gajewski, Grzegorz"]
[Result "1-0"]
[WhiteElo "2595"]
[BlackElo "2352"]
[PlyCount "47"]
[EventDate "2001.03.18"]
[Source "PolBase"]
[SourceDate "2001.03.21"]

1. g3 e5 2. c4 Nf6 3. Bg2 c6 4. d4 Bb4+ 5. Bd2 Bxd2+ 6. Qxd2 d6 7. Nc3 Qe7 8.
e3 O-O 9. Nge2 e4 10. d5 c5 11. h3 h5 12. O-O-O a6 13. Qc2 Re8 14. g4 hxg4 15.
Ng3 gxh3 16. Bxh3 Bxh3 17. Rxh3 g6 18. Rdh1 Nbd7 19. f4 Kg7 20. Qg2 Kf8 21. Nf5
Qd8 22. Nxd6 Re7 23. Rh8+ Ng8 24. Qh3 1-0

[Event "58 POL Ch"]
[Site "Warszawa"]
[Date "2001.03.30"]
[Round "12"]
[White "Gdanski, Jacek"]
[Black "Bartel, Mateusz"]
[Result "1-0"]
[WhiteElo "2548"]
[BlackElo "2392"]
[PlyCount "95"]
[EventDate "2001.03.18"]
[Source "PolBase"]
[SourceDate "2001.03.21"]

1. e4 e5 2. Nf3 Nc6 3. Bb5 g6 4. O-O Bg7 5. c3 a6 6. Ba4 d6 7. Bxc6+ bxc6 8. d4
exd4 9. Nxd4 c5 10. Nf3 Ne7 11. Re1 O-O 12. h3 f6 13. Nbd2 Be6 14. Nf1 Qc8 15.
Ng3 Qb7 16. Re2 Kh8 17. Be3 a5 18. Rc2 Rae8 19. Nh4 Ng8 20. Qd2 a4 21. Kh2 Rf7
22. Rcc1 Rfe7 23. Qc2 Bd7 24. Nf3 Rb8 25. Rab1 Be6 26. c4 Bd7 27. b4 axb3 28.
axb3 Ree8 29. Bd2 Bh6 30. Bxh6 Nxh6 31. Nd2 Nf7 32. f4 Nd8 33. Nf3 Nc6 34. Qb2
Kg7 35. Re1 Be6 36. Qf2 Qb6 37. Rf1 Bf7 38. h4 Qb4 39. e5 dxe5 40. fxe5 f5 41.
Qe3 h6 42. h5 Rbd8 43. Rbe1 Qb6 44. hxg6 Bxg6 45. e6 Ne7 46. Nh4 Qd6 47. Rd1 f4
48. Qc3+ 1-0

[Event "58 POL Ch"]
[Site "Warszawa"]
[Date "2001.03.30"]
[Round "12"]
[White "Grabarczyk, Miroslaw"]
[Black "Krasenkow, Michal"]
[Result "1/2-1/2"]
[WhiteElo "2495"]
[BlackElo "2658"]
[PlyCount "28"]
[EventDate "2001.03.18"]
[Source "PolBase"]
[SourceDate "2001.03.21"]

1. d4 Nf6 2. c4 e6 3. Nf3 d5 4. cxd5 exd5 5. Nc3 c6 6. Qc2 g6 7. Bg5 Be7 8. e3
Bf5 9. Bd3 Bxd3 10. Qxd3 Nbd7 11. O-O O-O 12. Rab1 a5 13. Qc2 Re8 14. Nd2 Nb6
1/2-1/2

[Event "58 POL Ch"]
[Site "Warszawa"]
[Date "2001.03.30"]
[Round "12"]
[White "Kempinski, Robert"]
[Black "Blehm, Pawel"]
[Result "1/2-1/2"]
[WhiteElo "2554"]
[BlackElo "2512"]
[PlyCount "23"]
[EventDate "2001.03.18"]
[Source "PolBase"]
[SourceDate "2001.03.21"]

1. d4 Nf6 2. c4 g6 3. Nc3 Bg7 4. Nf3 d6 5. Bg5 h6 6. Bh4 g5 7. Bg3 Nh5 8. e3 e6
9. Bd3 Qe7 10. Rb1 Nd7 11. b4 O-O 12. Bc2 1/2-1/2